UM Logo

Teaching and learning elementary social studies / (Record no. 7162)

MARC details
000 -LEADER
fixed length control field 00706nam a2200181 4500
008 - FIXED-LENGTH DATA ELEMENTS--GENERAL INFORMATION
fixed length control field 170804b xxu||||| |||| 00| 0 eng d
020 ## - INTERNATIONAL STANDARD BOOK NUMBER
International Standard Book Number 0-205-15768-8 (recycled, acid-free paper)
082 ## - DEWEY DECIMAL CLASSIFICATION NUMBER
Edition number 1995
Classification number DC 372.83044
Item number El5
100 ## - MAIN ENTRY--PERSONAL NAME
9 (RLIN) 21644
Personal name Ellis, Arthur K.
245 ## - TITLE STATEMENT
Title Teaching and learning elementary social studies /
Statement of responsibility, etc. Arthur K. Ellis.
250 ## - EDITION STATEMENT
Edition statement Fifth Edition
260 ## - PUBLICATION, DISTRIBUTION, ETC. (IMPRINT)
Place of publication, distribution, etc. Boston :
Name of publisher, distributor, etc. Allyn and Bacon,
Date of publication, distribution, etc. c1995.
300 ## - PHYSICAL DESCRIPTION
Extent xxi, 392 pages :
Other physical details illustrations (some col.), maps (some col.) ;
Dimensions 25 cm.
500 ## - GENERAL NOTE
General note Includes bibliographical references (p. 375-384) and index.
650 #0 - SUBJECT ADDED ENTRY--TOPICAL TERM
9 (RLIN) 21645
Topical term or geographic name as entry element Social sciences -- Study and teaching (Elementary)
365 ## - TRADE PRICE
Price amount 2,910.00
Currency code Php
942 ## - ADDED ENTRY ELEMENTS (KOHA)
Source of classification or shelving scheme Dewey Decimal Classification
Koha item type Circulation
Holdings
Withdrawn status Lost status Source of classification or shelving scheme Damaged status Not for loan Collection code Home library Current library Date acquired Source of acquisition Cost, normal purchase price Total Checkouts Full call number Barcode Date last seen Copy number Price effective from Koha item type
    Dewey Decimal Classification     Circulation UM Digos College - LIC UM Digos College - LIC 04/03/2000 Purchased 2190.00   DC 372.83044 El5 1995 14106 05/15/2025 1 08/04/2017 Circulation